| 000 | 00530nam a2200193Ia 4500 | ||
|---|---|---|---|
| 005 | 20260120131607.0 | ||
| 008 | 008 260114s9999 xx 000 0 eng d | ||
| 020 | _a9780197583500 | ||
| 037 | _aEBOOK | ||
| 040 |
_aCRL _beng _cCRL |
||
| 041 |
_aeng _2eng |
||
| 084 | _qCRL | ||
| 100 |
_aBronner & McCrea _9928855 |
||
| 245 | 0 | _aFirst Words, Last Words | |
| 260 |
_bOxford University PressOxford University Press _c2021 |
||
| 856 | _uhttps://academic.oup.com/book/41111 | ||
| 942 | _cEBOOK | ||
| 999 |
_c1520774 _d1520774 |
||